Practical handbook of marine science
Salvato in:
| Natura: | Libro |
|---|---|
| Lingua: | Undetermined |
| Pubblicazione: |
Boca Raton, FL
CRC Press
2001
|
| Soggetti: | |
| Tags: |
Aggiungi Tag
Nessun Tag, puoi essere il primo ad aggiungerne! !
|
| Thư viện lưu trữ: | Trung tâm Học liệu Trường Đại học Cần Thơ |
|---|
| LEADER | 00469nam a2200169Ia 4500 | ||
|---|---|---|---|
| 001 | CTU_67872 | ||
| 008 | 210402s9999 xx 000 0 und d | ||
| 082 | |a 551.46 | ||
| 082 | |b P896 | ||
| 245 | 0 | |a Practical handbook of marine science | |
| 245 | 0 | |c Edited by Michael J. Kennish | |
| 260 | |a Boca Raton, FL | ||
| 260 | |b CRC Press | ||
| 260 | |c 2001 | ||
| 650 | |a Oceanography,Marine biology | ||
| 904 | |i Minh | ||
| 980 | |a Trung tâm Học liệu Trường Đại học Cần Thơ | ||